| 000 | 00413cam a2200157 a 4500 | ||
|---|---|---|---|
| 020 | _a0121039803 | ||
| 040 | _cDLC | ||
| 082 | 0 | 0 | _a634 BLA 1981 A006 Or. |
| 100 | 1 | _aBlanchard, Robert O. | |
| 245 | 1 | 0 | _aField and laboratory guide to tree pathology / |
| 260 |
_aNew York : _bAcademic Press, _c1981. |
||
| 300 |
_axv, 285 p. : _bill. ; _c24 cm. |
||
| 650 | 0 | _aTrees | |
| 700 | 1 | _aTattar, Terry A. | |
| 942 | _cAEDBB | ||
| 999 |
_c20787 _d20787 |
||